000 00432nam a22001577a 4500
005 20180203115604.0
008 160427b xxu||||| |||| 00| 0 eng d
020 _a0-07-053236-2
041 _aeng
082 _b00273
_a004.22
100 _aGovindarajalu, B
_9112
245 _aComputer Architecture and Organisation: Design Principles and Applications
260 _aNew Delhi
_bTata MC Graw Hill,
_c2004
300 _a698
942 _cBK
999 _c91
_d91